00621nam a2200169 a 450000100100000000500170001000800410002704000250006824500850009326000650017830000210024349000320026450000600029650000420035670000210039883000320041900003992920201002033820.0130730s2011 dr a 000 0 spa d aDO-SdBNPbspacBNPHU03aEl Salvador, de la guerra civil a la paz negociada /cRomán Mayorga...[et.al]. aEl Salvador :bMinisterio de Relaciones Exteriores,c[2011]. a112 p. ;c28 cm.1 a1810-2010 Mujeres y hombres aXX aniversario de la firma del acuerdo de paz 1992-2012 aIncluye notas al pie de las páginas1 aMayorga, Román 0a1810-2010 Mujeres y hombres